[Event "30th NATO Chess-ch 2019"]
[Site "Berlin"]
[Date "2019.09.18"]
[Round "4.23"]
[White "Korge, Kersti"]
[Black "Keough, Robert"]
[Result "0-1"]
[WhiteElo "1842"]
[BlackElo "2108"]
[Annotator "TA"]
[PlyCount "46"]
[EventDate "2019.09.16"]
[EventType "swiss"]
[EventCountry "GER"]
[SourceTitle "playchess.com"]
[Source "ChessBase"]
[SourceQuality "1"]

{[%evp 15,46,-25,-16,-24,33,-7,34,-59,-60,-42,-39,-81,-75,-140,-127,-183,-191,-257,-82,-179,-180,-270,-270,-202,-122,-165,-128,-212,-193,-855,-856,-818,-744]} 1. e4 c5 2. c3 g6 3. Nf3 Bg7 4. d3 d6 5. g3 Nc6 6. Bg2 e5 7. O-O Nge7 8. Nbd2 O-O 9. Re1 {A04: Unusual lines after 1 Nf3 and King's Indian Attack} f5 ({Black should try} 9... h6 $11) (9... h6 10. a3 f5 11. b4 b6 12. Bb2 f4 13. d4 g5 14. bxc5 dxc5 15. dxc5 g4 16. Nh4 f3 17. Bf1 Be6 {1-0 (29) Nakamura,H (2791)-Vachier Lagrave,M (2819) chess.com INT 2016}) 10. exf5 gxf5 11. h4 (11. Nh4 $14) 11... Kh8 $146 ({Predecessor:} 11... h6 12. Nf1 Be6 13. Be3 Qd7 14. Qd2 Kh7 15. a3 Nd5 16. c4 Nf6 {0-1 (51) Abiad Parra,C (1904)-Gutierrez Anaya,Y (2063) Armenia 2013}) 12. Nf1 Be6 13. N3h2 Qd7 14. h5 ({White should play} 14. Qe2) 14... Rg8 15. h6 (15. Bg5 $17 h6 16. Bxe7 Nxe7 17. Nf3) 15... Bf6 $19 16. Qh5 {[#]} (16. Qe2 $142) 16... Qe8 $2 (16... f4 $1 $19 {[%mdl 512] and Black stays clearly on top. Strongly threatening ...Nf5.} 17. Nf3 (17. gxf4 Ng6) 17... Bg4) 17. Qe2 (17. Qxe8 $17 Raxe8 18. a3) 17... Qf7 18. f4 (18. a3 $142) 18... Bd5 ({Less strong is} 18... Bxa2 19. Nf3 $17) 19. Nf3 Bxf3 20. Bxf3 Ng6 21. fxe5 (21. Kh1 $17 {was called for.}) 21... Ncxe5 {White must now prevent ...Rae8.} 22. Kf2 $2 {[#]} (22. Bh5) 22... Rae8 23. Ne3 f4 {Accuracy: White = 14%, Black = 51%.} 0-1

[Event "30th NATO Chess-ch 2019"]
[Site "Berlin"]
[Date "2019.09.18"]
[Round "4.24"]
[White "Tocco, Paolo"]
[Black "Hater, David"]
[Result "1-0"]
[WhiteElo "2089"]
[BlackElo "1973"]
[Annotator "NA RC"]
[PlyCount "29"]
[EventDate "2019.09.16"]
[EventType "swiss"]
[EventCountry "GER"]
[SourceTitle "playchess.com"]
[Source "ChessBase"]
[SourceQuality "1"]
[TimeControl "40/7200:1800"]

1. d4 {[%emt 1:59:50]} Nf6 {[%emt 1:59:50]} 2. Nc3 {[%emt 1:59:46]} d5 {[%emt 1:59:46]} 3. Bf4 {[%emt 1:59:44]} g6 {[%emt 1:59:00]} 4. e3 {[%emt 1:58:44]} Bg7 {[%emt 1:58:16]} 5. h4 {[%emt 1:58:35]} O-O {[%emt 1:52:27]} 6. h5 {[%emt 1:58:31]} Nxh5 {[%emt 1:58:31]} 7. Rxh5 {[%emt 1:58:26]} gxh5 {[%emt 1:49:52]} 8. Qxh5 {[%emt 1:49:52]} e6 {[%emt 1:44:18]} 9. Bd3 {[%emt 1:54:16]} f5 {[%emt 1:54:16]} 10. Nf3 {[%emt 1:43:49]} Bd7 {[%emt 1:53:45]} (10... Nd7 $16) 11. O-O-O {[%emt 1:53:13]} Be8 {[%emt 1:35:38]} 12. Qh2 {[%emt 1:53:05]} Na6 {[%emt 1:53:05]} 13. Ng5 {[%emt 1:50:23]} Rf6 {[%emt 1:29:43]} 14. Qxh7+ {[%emt 1:49:04]} Kf8 {[%emt 1:29:37]} 15. Be5 $18 {[%emt 1:48:54]} ({Don't take} 15. Bxa6 $6 bxa6 16. Be5 Qe7 $18) 1-0

[Event "30th NATO Chess-ch 2019"]
[Site "Berlin"]
[Date "2019.09.18"]
[Round "4.25"]
[White "Sauer, Marko"]
[Black "Pirs, Matjaz"]
[Result "1/2-1/2"]
[WhiteElo "2081"]
[BlackElo "2203"]
[Annotator "TA"]
[PlyCount "94"]
[EventDate "2019.09.16"]
[EventType "swiss"]
[EventCountry "GER"]
[SourceTitle "playchess.com"]
[Source "ChessBase"]
[SourceQuality "1"]

{[%evp 19,94,-4,-12,-27,-25,-46,-33,-42,-25,-34,-62,-58,-23,-31,-26,-26,0,-56,-2,-45,-34,-54,-18,-80,-65,-56,-11,-10,-14,-11,0,0,0,0,0,0,0,-6,0,0,0,-37,-27,-41,-16,-13,-21,-22,-10,-95,-44,-299,-285,-262,-130,-79,-111,-120,-104,-104,-94,-29975,-29976,-29979,-29980,-29984,-29985,-29983,-29984,-29986,-29987,-29987,-29988,-29988,-29989,-29995,-29995]} 1. e4 e5 2. Nf3 Nc6 3. Bc4 Nf6 4. d4 exd4 5. e5 d5 6. Bb5 Ne4 7. Nxd4 Bd7 8. Bxc6 bxc6 9. O-O Be7 10. f3 Nc5 11. c3 {C56: Two Knights: 4 d4 exd4 5 0-0 Nxe4} (11. Be3 O-O 12. Nd2 f6 13. exf6 Rxf6 14. Bg5 Rg6 15. Bxe7 Qxe7 16. Re1 Qh4 17. N2b3 Nxb3 18. Nxb3 Rh6 19. Qd4 Qxh2+ 20. Kf2 Rg6 21. Rg1 Rf8 22. Raf1 Re8 23. Rd1 Bh3 {0-1 (23) Adhiban,B (2666)-Volokitin,A (2649) Doha 2016}) 11... O-O 12. Qe2 Qe8 $146 ({Predecessor:} 12... Ne6 13. f4 Nxd4 14. cxd4 c5 15. f5 cxd4 16. f6 Bc5 17. Qh5 Re8 18. b4 g6 {0-1 (37) Tamas,N (2245)-Braun,M Aggtelek 1998}) 13. Be3 {Black is slightly better.} f6 14. exf6 Bxf6 15. Qd2 Nb7 16. Na3 Qf7 17. Rae1 Rfe8 18. Nac2 (18. Nb3 $11) 18... Nd6 (18... c5 $15 19. Nb3 Be7) 19. Bf2 Nc4 20. Qc1 a5 21. Ne3 (21. b3 $11 Ne5 22. Qd2) 21... Bg5 22. b3 Nxe3 23. Bxe3 Bxe3+ 24. Rxe3 Rxe3 25. Qxe3 Re8 26. Qd2 c5 27. Nc2 a4 28. Rd1 axb3 29. axb3 c6 30. Ne1 Bf5 $36 {[%mdl 2048] Black has the initiative.} 31. Nd3 Bxd3 32. Qxd3 $15 {[%mdl 4096] Endgame KQR-KQR} Qb7 33. Rb1 Qa7 {Threatens to win with ...c4+.} 34. c4 {[#]} (34. Kf1 $11 {keeps the balance.}) 34... d4 (34... Qa2 $1 $17 {And now ...Re2 would win.} 35. Kf1 d4) 35. b4 $2 {[%mdl 8192]} (35. Qd2 $15) 35... cxb4 $19 36. Rxb4 {[#]} Qa1+ (36... Qa5 $1 $19 {[%cal Ra5b4] is more deadly.} 37. Rb1 Re3) 37. Rb1 $17 Re1+ 38. Rxe1 Qxe1+ {KQ-KQ} 39. Qf1 Qe3+ 40. Kh1 $2 {[%mdl 8192]} (40. Qf2 $17 Qe6 41. Qh4) 40... d3 {Black mates.} 41. Qb1 h5 42. Qb8+ Kh7 {[%cal Re3e1]} 43. Qb1 g6 44. h4 d2 45. Kh2 {[#]} Qe1 $1 {[%mdl 512]} 46. Qb7+ Kh6 47. g4 Qf2+ {[%mdl 32768] Accuracy: White = 20%, Black = 55%. . An unexpected result.} 1/2-1/2

[Event "30th NATO Chess-ch 2019"]
[Site "Berlin"]
[Date "2019.09.18"]
[Round "4.26"]
[White "Kraft, Chip"]
[Black "Wagenaar, Harm Theo"]
[Result "0-1"]
[WhiteElo "2050"]
[BlackElo "1879"]
[Annotator "NA RC"]
[PlyCount "132"]
[EventDate "2019.09.16"]
[EventType "swiss"]
[EventCountry "GER"]
[SourceTitle "playchess.com"]
[Source "ChessBase"]
[SourceQuality "1"]
[TimeControl "40/7200:1800"]

1. c4 {[%emt 1:59:54]} c5 {[%emt 1:59:38]} 2. Nc3 {[%emt 1:59:47]} Nc6 {[%emt 1:59:14]} 3. g3 {[%emt 1:57:45]} g6 {[%emt 1:58:24]} 4. Bg2 {[%emt 1:56:50]} Bg7 {[%emt 1:58:15]} 5. e4 {[%emt 1:56:16]} e5 {[%emt 1:57:53]} 6. Nge2 {[%emt 1:56:01] A36: Symmetrical English vs ...g6: 4 Bg2 Bg7} Nge7 {[%emt 1:57:42]} 7. O-O {[%emt 1:55:42]} O-O {[%emt 1:57:32]} (7... d6 8. d3 O-O 9. a3 Rb8 10. Rb1 a6 11. b4 cxb4 12. axb4 b5 13. cxb5 axb5 14. Be3 Be6 15. d4 d5 16. dxe5 dxe4 17. Nxe4 Nxe5 {1-0 (31) Muzychuk,A (2569)-Mammadzada,G (2422) St Petersburg 2018}) 8. Rb1 {[%emt 1:55:05]} Rb8 {[%emt 1:56:24]} 9. a3 {[%emt 1:53:59]} a5 {[%emt 1:53:30]} 10. d3 {[%emt 1:51:15]} d6 {[%emt 1:53:17]} 11. Nb5 {[%emt 1:49:22]} Be6 {[%emt 1:49:22]} 12. Bd2 {[%emt 1:46:38]} Qd7 {[%emt 1:46:38]} 13. Qe1 $146 {[%emt 1:41:00]} ({Predecessor:} 13. Nec3 b6 14. Nd5 Nd4 15. Nxd4 cxd4 16. Nxe7+ Qxe7 17. b4 Qc7 18. bxa5 bxa5 {1-0 (46) Mueller,M (2083)-Krause,C (1953) Bayern 2015}) 13... b6 {[%emt 1:39:37]} 14. f4 {[%emt 1:33:23]} f5 {[%emt 1:34:17]} 15. Nec3 {[%emt 1:25:10]} Nd4 {[%emt 1:25:10]} 16. Nxd4 {[%emt 1:22:08]} exd4 {[%emt 1:18:56]} 17. Nd5 {[%emt 1:17:18]} Bxd5 {[%emt 1:17:18]} 18. cxd5 {[%emt 1:16:41]} Rfe8 {[%emt 1:07:34]} 19. Qf2 {[%emt 1:07:34]} Rbd8 {[%emt 1:14:52]} 20. Qf3 {[%emt 0:52:42]} Qc7 {[%emt 0:47:51]} 21. g4 {[%emt 1:10:04]} Rf8 {[%emt 0:47:25]} 22. b3 {[%emt 1:05:20]} Kh8 {[%emt 0:44:36] [#]} 23. h4 {[%emt 0:44:36]} (23. exf5 $1 $16 gxf5 24. g5) 23... Qd7 {[%emt 1:02:58]} 24. Bh3 {[%emt 1:02:16]} Qe8 {[%emt 0:43:28]} (24... Qb7 $16 {might work better.}) 25. Kg2 {[%emt 0:59:46]} (25. exf5 $16 gxf5 26. g5) 25... Qf7 {[%emt 0:42:52]} 26. Rh1 {[%emt 0:53:12]} h5 {[%emt 0:36:25]} 27. gxf5 {[%emt 0:50:31]} gxf5 {[%emt 0:50:31]} 28. Kh2 {[%emt 8:51:08]} Bh6 {[%emt 0:47:43]} 29. Rbf1 {[%emt 0:46:09]} Rg8 $11 {[%emt 0:46:09]} 30. Be1 {[%emt 0:33:40]} Rg7 {[%emt 0:38:23]} 31. Bg3 {[%emt 0:34:58]} Rf8 {[%emt 0:24:46]} 32. Rhg1 {[%emt 0:33:33]} Rd8 {[%emt 0:33:33]} 33. Qe2 {[%emt 0:31:54]} Rdg8 {[%emt 0:20:53]} 34. Qf3 {[%emt 0:30:34]} Rd8 {[%emt 0:30:34]} 35. Rf2 {[%emt 0:26:48]} Rdg8 {[%emt 0:14:53]} 36. Rff1 {[%emt 0:17:30]} Rd8 {[%emt 0:14:32]} 37. Kh1 {[%emt 0:14:32]} Rf8 {[%emt 0:17:03]} 38. Bh2 {[%emt 0:15:59]} Rfg8 {[%emt 0:15:59]} 39. Rxg7 {[%emt 0:15:51]} Rxg7 {[%emt 0:06:22]} 40. Bg3 {[%emt 0:09:56]} Kh7 {[%emt 0:03:16]} 41. Kh2 {[%emt 0:09:41]} Kh8 {[%emt 0:09:41]} 42. Rb1 {[%emt 0:01:03]} Rg8 {[%emt 0:01:03]} 43. b4 {[%emt 0:29:08]} cxb4 {[%emt 0:23:19]} 44. axb4 {[%emt 0:28:48]} a4 {[%emt 0:23:12]} 45. Rc1 {[%emt 0:20:56]} a3 {[%emt 0:21:15]} 46. Ra1 {[%emt 0:18:50]} Ra8 {[%emt 0:20:55]} 47. Bf1 {[%emt 0:17:36]} Bg7 {[%emt 0:18:16]} 48. Ra2 {[%emt 0:17:02]} Ra7 {[%emt 0:10:40]} 49. Be2 {[%emt 0:10:40]} Kg8 {[%emt 0:16:28]} 50. Be1 {[%emt 0:15:19]} Bh6 {[%emt 0:06:15]} 51. Bg3 {[%emt 0:13:47]} Bg7 {[%emt 0:05:59]} 52. Bd1 {[%emt 0:12:32]} Kf8 {[%emt 0:04:21]} 53. Bb3 {[%emt 0:11:29]} Qg6 {[%emt 0:03:36]} 54. e5 {[%emt 0:03:36]} b5 {[%emt 0:02:27]} 55. Qf2 {[%emt 0:02:27]} dxe5 {[%emt 0:06:09]} 56. fxe5 {[%emt 0:06:02]} Qg4 {[%emt 0:02:07]} 57. d6 {[%emt 0:05:19]} Nc6 {[%emt 0:01:55]} 58. e6 {[%emt 0:04:06]} Be5 {[%emt 0:01:46]} 59. Bxe5 {[%emt 0:01:44]} Nxe5 {[%emt 0:01:44]} 60. Bd5 {[%emt 0:02:32]} Nxd3 {[%emt 0:01:33]} 61. Qg3 {[%emt 0:01:00]} Nxb4 {[%emt 0:01:00]} 62. Qxg4 {[%emt 0:00:46]} fxg4 {[%emt 0:00:46]} 63. e7+ {[%emt 0:00:37]} Ke8 {[%emt 0:00:37]} 64. Rf2 {[%emt 0:00:34]} Rxe7 {[%emt 0:00:36]} 65. dxe7 {[%emt 0:00:31]} Nxd5 {[%emt 0:00:32]} 66. Rd2 {[%emt 0:00:05]} b4 {[%emt 0:00:24]} 0-1

[Event "30th NATO Chess-ch 2019"]
[Site "Berlin"]
[Date "2019.09.18"]
[Round "4.27"]
[White "Marquardt, Christian"]
[Black "Glibert, Stephane"]
[Result "1/2-1/2"]
[WhiteElo "2049"]
[BlackElo "1865"]
[Annotator "NA RC"]
[PlyCount "81"]
[EventDate "2019.09.16"]
[EventType "swiss"]
[EventCountry "GER"]
[SourceTitle "playchess.com"]
[Source "ChessBase"]
[SourceQuality "1"]
[TimeControl "40/7200:1800"]

1. d4 {[%emt 1:59:55]} Nf6 {[%emt 1:59:48]} 2. Bg5 {[%emt 1:59:33]} Ne4 {[%emt 1:59:04]} 3. Bf4 {[%emt 1:59:24]} d5 {[%emt 1:58:57]} 4. e3 {[%emt 1:58:57]} e6 {[%emt 1:58:59]} 5. Bd3 {[%emt 1:57:59]} Bd6 {[%emt 1:54:25]} 6. Bxe4 {[%emt 1:56:39] A45: Trompowsky Attack} Bxf4 {[%emt 1:56:39]} 7. Bd3 {[%emt 1:55:50]} (7. exf4 dxe4 8. Nc3 Nc6 9. Nge2 f5 10. Qd2 O-O 11. O-O-O a5 12. h3 a4 13. a3 b5 {½-½ (58) Vitiugov,N (2726)-Grandelius,N (2643) Doha 2016}) 7... Bd6 {[%emt 1:52:26]} 8. Nf3 {[%emt 1:55:23]} Nd7 {[%emt 1:50:31]} 9. O-O {[%emt 1:50:31]} b6 $146 {[%emt 1:44:25]} ({Predecessor:} 9... O-O 10. Nc3 c6 11. e4 f5 12. e5 Be7 13. Ne2 g5 {½-½ (37) Aranaz Portugues,J (2096)-Dathie,J Erice 2014}) 10. Nbd2 {[%emt 1:50:12]} Bb7 {[%emt 1:43:58]} 11. a4 {[%emt 1:48:47]} c5 {[%emt 1:36:19]} 12. c3 {[%emt 1:48:30]} O-O {[%emt 1:31:48]} 13. Qe2 {[%emt 1:31:48]} f5 {[%emt 1:43:37]} 14. c4 {[%emt 1:22:29]} e5 {[%emt 1:13:54]} 15. dxe5 {[%emt 1:35:30]} Nxe5 {[%emt 1:13:12]} 16. Nxe5 {[%emt 1:13:12]} Bxe5 {[%emt 1:31:40]} 17. Nf3 {[%emt 1:31:32]} Qf6 {[%emt 1:12:29]} 18. Nxe5 {[%emt 1:28:00]} Qxe5 {[%emt 1:28:00]} 19. Rfd1 {[%emt 1:23:00]} a5 {[%emt 0:53:17]} 20. cxd5 {[%emt 0:53:17]} Rad8 {[%emt 1:19:34]} 21. Bc4 {[%emt 0:42:10]} Rd6 {[%emt 1:18:07]} 22. Rd2 {[%emt 1:15:47]} Rfd8 {[%emt 0:41:08]} 23. Rad1 {[%emt 0:41:08]} Kf8 {[%emt 1:15:17]} 24. Qf3 {[%emt 1:12:51]} Ke7 {[%emt 1:12:51]} 25. g3 {[%emt 0:32:08]} Rf8 {[%emt 1:08:47]} 26. b3 {[%emt 1:05:35]} Rff6 {[%emt 1:05:35]} 27. Re2 {[%emt 0:27:29]} Qe4 {[%emt 0:22:27]} 28. Kg2 $11 {[%emt 0:56:52]} (28. Qf4 $16) 28... g5 {[%emt 0:18:15]} 29. g4 {[%emt 0:51:37]} Qe5 {[%emt 0:09:32]} 30. Qg3 {[%emt 0:50:39]} Bxd5+ {[%emt 0:50:39]} 31. Bxd5 {[%emt 0:47:38]} Rxd5 {[%emt 0:05:29]} 32. Qxe5+ {[%emt 0:05:28]} Rxe5 {[%emt 0:05:28]} 33. Red2 {[%emt 0:44:35]} Kf7 {[%emt 0:03:22]} 34. Rd7+ {[%emt 0:40:04]} Re7 {[%emt 0:03:07]} 35. R7d5 {[%emt 0:39:27]} Kg6 {[%emt 0:02:52]} 36. gxf5+ {[%emt 0:34:31]} Rxf5 {[%emt 0:02:43]} 37. Kf1 {[%emt 0:31:05]} Rf6 {[%emt 0:01:04]} 38. Ke2 {[%emt 0:29:27]} Re4 {[%emt 0:01:03]} 39. R1d3 {[%emt 0:24:56]} Rh4 {[%emt 0:00:52]} 40. Rd6 {[%emt 0:24:42]} Rb4 {[%emt 0:00:29]} 41. f3 {[%emt 0:22:38]} 1/2-1/2

[Event "30th NATO Chess-ch 2019"]
[Site "Berlin"]
[Date "2019.09.18"]
[Round "4.28"]
[White "Slaidins, Janis"]
[Black "Oblak, Nicholas"]
[Result "0-1"]
[WhiteElo "1834"]
[BlackElo "2048"]
[Annotator "NA RC"]
[PlyCount "58"]
[EventDate "2019.09.16"]
[EventType "swiss"]
[EventCountry "GER"]
[SourceTitle "playchess.com"]
[Source "ChessBase"]
[SourceQuality "1"]
[TimeControl "40/7200:1800"]

{[%evp 16,53,-21,32767,32767,32767,-29,32767,-56,-140,32767,32767,32767,-480,-213,32767,32767,32767,32767,-728,-863,-785,-820,-888,-902,-885,-577,-624,-615,-639,-510,-568,32767,32767,-698,-610,32767,-2370,32767,-29997]} 1. e4 {[%emt 2:00:00]} c5 {[%emt 1:59:57]} 2. Nf3 {[%emt 1:59:43]} g6 {[%emt 1:59:54]} 3. Bc4 {[%emt 1:59:54]} Bg7 {[%emt 1:59:22]} 4. c3 {[%emt 1:57:02]} d6 {[%emt 1:58:17]} 5. O-O {[%emt 1:56:28]} (5. d4 cxd4 6. cxd4 Nf6 7. Qe2 O-O 8. O-O Bg4 9. e5 dxe5 10. dxe5 Nfd7 11. e6 Ne5 12. exf7+ Kh8 13. Rd1 Qc7 14. Bd5 Nbc6 15. Nc3 e6 16. h3 Bxf3 17. Bxf3 {0-1 (42) Shaposhnikov,E (2576)-Guseinov,G (2664) St Petersburg 2018}) 5... Nf6 {[%emt 1:58:03]} 6. e5 {[%emt 1:58:03] B27: Sicilian: 2 Nf3, unusual Black 2nd moves} dxe5 {[%emt 1:54:41]} 7. Nxe5 {[%emt 1:54:24]} O-O {[%emt 1:54:24]} 8. d4 {[%emt 1:52:12]} cxd4 {[%emt 1:47:07]} 9. cxd4 {[%emt 1:47:07]} Nbd7 {[%emt 1:49:50]} 10. f4 {[%emt 1:46:05]} Nb6 {[%emt 1:45:46]} 11. b3 $146 {[%emt 1:45:49]} ({Predecessor:} 11. Bb3 Nbd5 12. Nc3 Be6 13. Qf3 Rc8 14. Bd2 Qd6 15. Rad1 Rfd8 {½-½ (41) Serdarevic,M (2272)-Nurkic,S (2394) Zenica 2002}) 11... Bf5 {[%emt 1:41:25]} 12. Ba3 {[%emt 1:44:33]} (12. Bb2 $15) 12... Nbd5 {[%emt 1:44:33]} 13. Qd2 {[%emt 1:40:37]} Rc8 {[%emt 1:42:38]} 14. Bxd5 $4 {[%emt 1:34:33]} (14. Kh1 $17) 14... Nxd5 {[%emt 1:38:49]} (14... Rc2 $142 15. Bxf7+ Rxf7 16. Nxf7 Kxf7) 15. g4 {[%emt 1:35:30]} Rc2 {[%emt 1:21:47]} 16. Qe1 {[%emt 1:32:11]} Bxg4 {[%emt 1:17:48]} 17. Nd2 {[%emt 1:28:49]} (17. Rf2 $142 Rxf2 18. Qxf2) 17... Bxe5 {[%emt 1:28:49]} 18. fxe5 {[%emt 1:26:59]} Nc3 {[%emt 1:10:55] Discovered Attack} 19. Qe3 {[%emt 1:10:55]} Ne2+ {[%emt 1:25:20] Double Attack} 20. Kg2 {[%emt 1:24:46]} Rxd2 {[%emt 1:09:00]} 21. Qxd2 {[%emt 1:24:27]} Qd5+ {[%emt 1:08:57]} 22. Kf2 {[%emt 1:08:57]} Nxd4 {[%emt 1:24:00]} 23. Rac1 {[%emt 1:18:31]} Qf3+ {[%emt 1:18:31]} 24. Ke1 {[%emt 1:16:28]} Qe4+ {[%emt 0:59:27] Double Attack} 25. Kf2 {[%emt 1:15:57]} Bh3 {[%emt 0:54:53]} 26. Rg1 $19 {[%emt 1:02:28]} Qf5+ {[%emt 1:02:28]} 27. Kg3 {[%emt 1:01:06]} Qf3+ {[%emt 0:53:47]} 28. Kh4 {[%emt 0:53:44]} Nf5+ {[%emt 0:53:44]} 29. Kg5 {[%emt 0:53:44]} h6# {[%emt 0:53:41]} 0-1

[Event "30th NATO Chess-ch 2019"]
[Site "Berlin"]
[Date "2019.09.18"]
[Round "4.29"]
[White "Christen, Peter"]
[Black "Nielsen, Jan Mose"]
[Result "1/2-1/2"]
[WhiteElo "2153"]
[BlackElo "2044"]
[Annotator "TA"]
[PlyCount "124"]
[EventDate "2019.09.16"]
[EventType "swiss"]
[EventCountry "GER"]
[SourceTitle "playchess.com"]
[Source "ChessBase"]
[SourceQuality "1"]

{[%evp 10,124,0,0,56,2,13,13,9,0,17,-19,-7,-47,-5,-4,0,-47,-39,-54,-51,-62,-20,-130,-131,-128,-53,-60,-52,-47,-46,-70,-18,-27,-16,-23,0,-42,-18,-16,-34,-52,-49,-49,-54,-54,-54,-47,-22,-32,-30,-52,-51,-64,-53,-86,-45,-204,-45,-47,-23,-49,-54,-181,-175,-177,-165,-204,-161,-175,-172,-258,-27,-75,0,-251,-87,-127,0,0,0,0,0,0,0,0,0,-7,0,-80,0,0,0,-8,-4,-39,-6,-12,0,-8,-8,-8,-8,-8,0,-8,0,-8,-8,-21,-8,-8,-8,-22,0,0,0]} 1. c4 c6 2. g3 e5 3. Bg2 f5 4. e4 d6 5. d3 Nf6 6. Nc3 Be6 {A21: English Opening: 1...e5 2 Nc3} (6... Be7 $11) (6... Be7 7. Nge2 O-O 8. O-O a5 9. exf5 Bxf5 10. d4 Nbd7 11. h3 Bg6 12. Be3 Qc7 13. f4 exf4 14. Nxf4 Bf7 15. Qd2 Bxc4 {0-1 (60) Miezis,N (2434)-Brunello,S (2553) Katowice 2017}) 7. Nf3 ({White should play} 7. exf5 $14 Bxf5 8. Nf3) 7... fxe4 $146 ({Predecessor:} 7... Be7 8. Qb3 Na6 9. Qc2 fxe4 10. Nxe4 O-O 11. O-O Nxe4 12. dxe4 Nb4 13. Qc3 c5 14. Be3 {0-1 (43) Tabrina,A (2098)-Gunin,P (2059) Vadso 1999}) 8. Ng5 Bg4 9. Qb3 Qb6 10. Qxb6 axb6 11. Ncxe4 h6 12. Nxf6+ gxf6 13. Ne4 Nd7 14. h3 Be6 15. Nc3 h5 (15... Nc5 $5 {[%cal Rc5d3]} 16. Ke2 f5 $15) 16. h4 (16. Be3 $11) 16... Nc5 $17 17. Ke2 Nb3 (17... Bg4+ $1 $17 18. f3 Bf5) 18. Rb1 $15 Nd4+ 19. Kf1 Bh6 20. Be3 Bxe3 (20... Bf5 $15 21. Be4 Bg4) 21. fxe3 $11 Nf5 22. Kf2 Ke7 23. Bh3 Nh6 24. Bxe6 Kxe6 25. a3 Rhg8 26. Rbf1 Rg4 27. Rhg1 Rag8 28. Ne2 d5 29. cxd5+ Kxd5 30. e4+ Ke6 31. Re1 Rd8 32. Ke3 Rg7 33. Rd1 $2 (33. Nc3 $15) 33... c5 $2 (33... Ng4+ $1 $19 34. Kf3 Rf7) 34. Nc3 $1 $15 Rdg8 $36 {[%mdl 2048] Black is more active.} 35. Kf3 f5 36. exf5+ ({White should try} 36. b4 $15) 36... Nxf5 $19 37. Ne4 {[#]} Nxh4+ $1 {[%mdl 576] Pin} 38. Kf2 (38. gxh4 Rxg1) 38... Rf8+ 39. Ke2 Nf5 $1 40. Rdf1 {[#]} (40. Kd2 {is a better defense.}) 40... Nd4+ $2 (40... c4 $1 $19 {[%mdl 512] Threatens to win with ...Rg4.} 41. Rh1 (41. dxc4 Rg4) 41... cxd3+ 42. Kd2 Rg4) 41. Ke3 Nf5+ $2 (41... Rf5 $17) 42. Ke2 $1 {[#]} Rfg8 $2 (42... c4 $1 $19 {[%mdl 512] ...Rg4 is the strong threat.} 43. Rh1 (43. dxc4 Rg4) 43... cxd3+ 44. Kd2 Rg4) 43. Rh1 Rxg3 (43... Rh8 $17 44. Kd2 Rg4 45. Rxf5 Kxf5 46. Rf1+ Ke6 47. Rf6+ Kd7 48. Rxb6 Kc7) 44. Rxf5 $11 Kxf5 45. Nxg3+ Rxg3 46. Rxh5+ $17 {[%mdl 4096] Endgame KR-KR} Kf4 {Strongly threatening ...Rg2+.} 47. Rh4+ Kg5 48. Rh2 b5 49. Kd2 {[#]} (49. Rh7 $11) 49... b6 (49... c4 $1 $17 {[%cal Rc4d3]} 50. dxc4 bxc4) 50. Rh7 $11 Kf5 51. Rh5+ Kf6 52. Rh8 Rg6 53. Rc8 {The position is equal.} Kf5 54. Rf8+ Ke6 55. Rd8 $1 Ke7 56. Rd5 Ke6 57. Rd8 Kf5 58. Rf8+ Rf6 59. Rh8 Ke6 60. Rd8 $1 Ke7 61. Rd5 Re6 62. b4 e4 {Accuracy: White = 45%, Black = 26%.} 1/2-1/2

[Event "30th NATO Chess-ch 2019"]
[Site "Berlin"]
[Date "2019.09.18"]
[Round "4.30"]
[White "Geroly, Jozsef"]
[Black "Aagaard, Gert"]
[Result "0-1"]
[WhiteElo "1766"]
[BlackElo "2029"]
[Annotator "NA"]
[PlyCount "86"]
[EventDate "2019.09.16"]
[EventType "swiss"]
[EventCountry "GER"]
[SourceTitle "playchess.com"]
[Source "ChessBase"]
[SourceQuality "1"]
[TimeControl "40/7200:1800"]

1. Nf3 {[%emt 1:59:50]} Nf6 {[%emt 1:59:50]} 2. d4 {[%emt 1:59:42]} d5 {[%emt 1:59:42]} 3. g3 {[%emt 1:59:32]} Bf5 {[%emt 1:58:14]} 4. Bg2 {[%emt 1:58:14]} e6 {[%emt 1:56:56]} 5. c4 {[%emt 1:56:56]} c6 {[%emt 1:52:40]} 6. O-O {[%emt 1:52:21]} Be7 {[%emt 1:52:21]} 7. Nc3 {[%emt 1:52:00]} O-O {[%emt 1:52:00]} 8. a3 {[%emt 1:51:40] D11: Slav Defence: 3 Nf3 sidelines and 3...Nf6 4 e3 Bg4} (8. b3 Ne4 9. Bb2 Qa5 10. Nxe4 Bxe4 11. Ne5 Bxg2 12. Kxg2 Rd8 13. Qc2 {½-½ (13) Berkes,F (2678)-Saric,I (2691) Brixen Bressanone 2019}) 8... a6 $146 {[%emt 1:51:40]} ({Predecessor:} 8... a5 9. Qb3 b6 10. cxd5 cxd5 11. Nb5 Nc6 12. Bf4 Na7 13. Nxa7 Rxa7 14. Ne5 Rb7 15. Nc6 Qd7 {1-0 (51) Sokalskaja,E (2047)-Moenster,M (1922) Germany 2018}) 9. b4 {[%emt 1:49:39]} dxc4 {[%emt 1:54:16]} 10. Ne5 {[%emt 1:49:13]} b5 {[%emt 1:51:23]} 11. Nxc6 {[%emt 1:51:23]} Nxc6 {[%emt 1:47:40]} 12. Bxc6 {[%emt 1:47:26]} Bh3 {[%emt 1:47:26]} 13. Bxa8 {[%emt 1:41:44]} Qxa8 {[%emt 1:48:15]} 14. f3 {[%emt 1:41:36]} Bxf1 {[%emt 1:46:31]} 15. Kxf1 {[%emt 1:46:31]} Nd5 {[%emt 1:45:59]} 16. Qc2 {[%emt 1:45:59]} Rd8 {[%emt 1:42:44]} 17. e4 {[%emt 1:42:44]} Nxc3 {[%emt 1:18:49]} 18. Qxc3 {[%emt 1:18:16]} h5 {[%emt 1:25:04]} 19. Bb2 {[%emt 1:05:30]} Bf6 $15 {[%emt 1:22:24]} 20. Qe3 {[%emt 1:22:24]} Qa7 {[%emt 1:02:34]} 21. e5 {[%emt 0:57:24]} Be7 {[%emt 1:20:41]} 22. Bc3 {[%emt 0:57:11]} Rd5 {[%emt 1:15:06]} 23. f4 {[%emt 0:50:38]} Qd7 {[%emt 1:13:31]} 24. Rd1 {[%emt 1:13:31]} Bd8 {[%emt 0:48:29]} 25. Kf2 {[%emt 1:09:44]} Bb6 {[%emt 1:05:23]} 26. Rd2 {[%emt 0:45:44]} Qd8 {[%emt 1:05:00]} 27. Qe4 {[%emt 0:45:16]} g6 {[%emt 1:04:05]} 28. Ke3 {[%emt 0:43:42]} a5 {[%emt 0:57:47]} 29. h3 {[%emt 0:35:53]} axb4 {[%emt 0:52:25]} 30. axb4 {[%emt 0:33:09]} Qa8 {[%emt 0:33:09]} 31. Qb1 {[%emt 0:30:46]} Qa7 {[%emt 0:40:00]} 32. Qa1 {[%emt 0:28:49]} Qxa1 {[%emt 0:31:00]} 33. Bxa1 {[%emt 0:28:47]} Kf8 {[%emt 0:28:47]} 34. Ke4 {[%emt 0:30:38]} Ke7 {[%emt 0:28:16]} 35. g4 {[%emt 0:27:50]} hxg4 {[%emt 0:29:56]} 36. hxg4 {[%emt 0:27:49]} Bc7 {[%emt 0:26:54]} 37. f5 {[%emt 0:26:54]} Bxe5 {[%emt 0:25:40]} 38. Ra2 {[%emt 0:22:54]} Bc7 {[%emt 0:24:27]} 39. Ra7 {[%emt 0:24:27]} gxf5+ {[%emt 0:20:02]} 40. gxf5 {[%emt 0:19:50]} Kd7 {[%emt 0:19:50]} 41. Bc3 {[%emt 0:18:57]} Rxf5 {[%emt 0:22:52]} 42. Be1 {[%emt 0:18:29]} Kc6 {[%emt 0:21:45]} 43. d5+ {[%emt 0:14:42]} Rxd5 {[%emt 0:21:13]} 0-1